00000000nam##2200000za#4500
0019.614394
003CaOODSP
00520210927150304
007ta
008150406|1998||||xxc|||||     f|0| 0 eng|d
020 |a0-662-26856-3
040 |aCaOODSP|beng
043 |an-cn---
0861 |aR41-5/1998E
1101 |aCanada. |bIndian and Northern Affairs Canada.
24510|aFirst Nations music in Canada
260 |bIndian and Northern Affairs |c1998.
300 |a4p. ; |c28 cm.
4901 |aInformation
5203 |aThese upbeat, plain-language pamphlets take a light-handed look at Aboriginal lifestyles, culture, heritage, and history. Targeting a young audience, they occasionally include Web site addresses or suggest ideas for student activities.
563 |aPamphlet
590 |a98-45|b1998-11-06
7760#|tFirst Nations music in Canada |w(CaOODSP)9.575008
830#0|aInformation.|w(CaOODSP)9.514866
986 |aQS-6120-007-EE-A1